El Pacto fiscal en América Latina: una propuesta de la CEPAL /
Con base en una amplio estudio cepalino, el autor plantea la necesidad impostergable de un buen pacto fiscal de la región, en el marco de una sólidainstitucionalidad democrática, con el fin de contribuir de manera efectiva al proceso latinoamericano de crecimiento económico con equidad. Para ello ex...
Gardado en:
| Autor Principal: | |
|---|---|
| Formato: | Texto |
| Materias: | |
| Etiquetas: |
Engadir etiqueta
Sen Etiquetas, Sexa o primeiro en etiquetar este rexistro!
|
MARC
| LEADER | 00000 a a2200000 04500 | ||
|---|---|---|---|
| 001 | 3473 | ||
| 003 | |||
| 040 | |||
| 100 | |a Lahera P, Eugenio | ||
| 245 | |a El Pacto fiscal en América Latina: una propuesta de la CEPAL / |c Eugenio Lahera P | ||
| 520 | |a Con base en una amplio estudio cepalino, el autor plantea la necesidad impostergable de un buen pacto fiscal de la región, en el marco de una sólidainstitucionalidad democrática, con el fin de contribuir de manera efectiva al proceso latinoamericano de crecimiento económico con equidad. Para ello expone y analiza en detalle los principales retos y objetivos de la política fiscal para hacer frente a los crecientes desafíos macroeconómicos actuales y lograr, en forma paralela, un óptimo efecto distributivo. REV//jmml | ||
| 650 | |a POLITICA FISCAL | ||
| 650 | |a INGRESOS PUBLICOS | ||
| 650 | |a DEMOCRACIA | ||
| 650 | |a IMPUESTOS | ||
| 650 | |a PRIVATIZACION | ||
| 650 | |a SERVICIOS SOCIALES | ||
| 650 | |a DESCENTRALIZACION | ||
| 650 | |a EMPRESAS PUBLICAS | ||
| 650 | |a GASTOS | ||
| 773 | |g volumen 49, número 6; páginas 537-548 | ||
| 999 | |c 36478 |d 36478 | ||
